000 01466nam a2200493 i 4500
001 52772
003 KOSZ 005
005 20211007090412.0
008 050613s2005 pl a |001 0 pol
015 _aUWD 2005/12085
020 _a8392197801
035 _a991026962739705066
035 _a(PL-WaBN)b17319067-48omnis_nlop
035 _ab17319067
035 _a(OCoLC)69357029
035 _azz2005936071
035 _a(PL)b0000001731906
035 _a(EXLNZ-48OMNIS_NETWORK)9910217809705606
040 _aWA N
_cWA N
_dKOSZ 005/HR
041 0 _apol
046 _k2005
080 _a808.2
080 _a655.53
080 _a76
080 _a655.1/.3
080 _a(075.8)
100 1 _aTyczkowski, Krzysztof
_eAutor
245 1 0 _aLettera Magica /
_cKrzysztof Tyczkowski.
260 _aŁódź :
_b"Polski Drukarz",
_c2005.
300 _a115 s. :
_bil., faks., fot. rys. ;
_c25 cm.
336 _aTekst
_btxt
_2rdacontent
337 _aBez urządzenia pośredniczącego
_bn
_2rdamedia
338 _aWolumin
_bnc
_2rdacarrier
380 _aKsiążki
388 _a2001-
504 _aBibliogr. s. 113. Indeks.
650 7 _aEdytorstwo
_2DBN
655 7 _aGrafika książkowa
_2DBN
655 7 _aPodręczniki akademickie
658 _aKultura i sztuka
856 _uhttp://koha.tu.koszalin.pl/cgi-bin/koha/opac-detail.pl?biblionumber=52772
_yKatalog online BPK
942 _2UKD
_cKS
999 _c52772
_d52772